| 000 | 01878cam a2200505 i 4500 | ||
|---|---|---|---|
| 001 | zz2003829186 | ||
| 003 | NUKAT | ||
| 005 | 20260422112305.0 | ||
| 008 | 030807s1979 pl a f |000 0 pol c | ||
| 020 |
_a8320531284 _q(oprawa twarda) |
||
| 035 | _a(OCoLC)830280233 | ||
| 035 | _a(NUKAT)zz2003829186 | ||
| 040 |
_aGD U/1AA _bpol _erda _cGD U/1AA _dGD U/1AA _dKIEL 010/MSs _dPOZN 004/EH _dSAND 001/DRs _dOLSZT 008/bak |
||
| 045 | 2 |
_bd1888 _bd1920 |
|
| 046 | _k1979 | ||
| 100 | 1 |
_aChałasiński, Józef _d(1904-1979). _eAutor _922751 |
|
| 245 | 1 | 0 |
_aDrogi awansu społecznego robotnika : _bstudium oparte na autobiografiach robotników / _cJózef Chałasiński. |
| 250 | _aWyd. I. | ||
| 260 |
_aWarszawa : _bLudowa Spółdzielnia Wydawnicza, _c1979. |
||
| 300 |
_a231, [4] strony, [1] karta tablic ; _c22 cm. |
||
| 336 |
_aTekst _btxt _2rdacontent |
||
| 337 |
_aBez urządzenia pośredniczącego _bn _2rdamedia |
||
| 338 |
_aWolumin _bnc _2rdacarrier |
||
| 380 | _aKsiążki | ||
| 380 | _aPublikacje naukowe | ||
| 388 | 1 | _a1901-2000 | |
| 388 | 1 | _a1945-1989 | |
| 504 | _aBibliografia prac Józefa Chałasińskiego na stronach 229-[232]. | ||
| 648 | 7 |
_a1801-1900 _2DBN _936037 |
|
| 648 | 7 |
_a1901-2000 _2DBN _934996 |
|
| 648 | 7 |
_a1901-1914 _2DBN _936038 |
|
| 648 | 7 |
_a1914-1918 _2DBN _936040 |
|
| 648 | 7 |
_a1918-1939 _2DBN _936041 |
|
| 650 | 7 |
_aAwans społeczny _2DBN _940382 |
|
| 650 | 7 |
_aRobotnicy _2DBN _935743 |
|
| 650 | 7 |
_aAwans społeczny. _2kaba _940386 |
|
| 650 | 7 |
_aKlasa robotnicza _zPolska _y1870-1914. _2kaba _940383 |
|
| 650 | 7 |
_aKlasa robotnicza _zPolska _y1900-1945. _2kaba _929404 |
|
| 650 | 7 |
_aSocjologia pracy _zPolska _y1900-1945. _2kaba _940385 |
|
| 651 | 7 |
_aPolska _2DBN _935076 |
|
| 658 | _aSocjologia i społeczeństwo | ||
| 710 | 2 |
_aLudowa Spółdzielnia Wydawnicza. _eWydawca _4pbl _917233 |
|
| 920 | _a83-205-3128-4 (oprawa twarda) | ||
| 942 |
_2ddc _cBK_NM |
||
| 999 |
_c27716 _d27716 |
||